| 000 -LEADER |
| fixed length control field |
02170cam a22003254a 4500 |
| 001 - CONTROL NUMBER |
| control field |
13781487 |
| 003 - CONTROL NUMBER IDENTIFIER |
| control field |
USPCAS-E |
| 005 - DATE AND TIME OF LATEST TRANSACTION |
| control field |
20180118181416.0 |
| 008 - FIXED-LENGTH DATA ELEMENTS--GENERAL INFORMATION |
| fixed length control field |
041115s2005 enka b 001 0 eng |
| 010 ## - LIBRARY OF CONGRESS CONTROL NUMBER |
| LC control number |
2004027082 |
| 020 ## - INTERNATIONAL STANDARD BOOK NUMBER |
| International Standard Book Number |
0470012188 (cloth : alk. paper) |
| 040 ## - CATALOGING SOURCE |
| Original cataloging agency |
DLC |
| Transcribing agency |
DLC |
| Modifying agency |
DLC |
| 042 ## - AUTHENTICATION CODE |
| Authentication code |
pcc |
| 050 00 - LIBRARY OF CONGRESS CALL NUMBER |
| Classification number |
HG6046 |
| Item number |
.G46 2005 |
| 082 00 - DEWEY DECIMAL CLASSIFICATION NUMBER |
| Classification number |
332.6328 |
| Edition number |
22 |
| Author Mark |
GEM-C 2005 |
| 100 1# - MAIN ENTRY--PERSONAL NAME |
| Personal name |
Geman, Hélyette. |
| 245 10 - TITLE STATEMENT |
| Title |
Commodities and commodity derivatives : |
| Remainder of title |
modelling and pricing for agriculturals, metals, and energy / |
| Statement of responsibility, etc. |
Helyette Geman. |
| 260 ## - PUBLICATION, DISTRIBUTION, ETC. |
| Place of publication, distribution, etc. |
West Sussex : |
| Name of publisher, distributor, etc. |
John Wiley & Sons, |
| Date of publication, distribution, etc. |
c2005. |
| 300 ## - PHYSICAL DESCRIPTION |
| Extent |
xvii, 396 p. : |
| Other physical details |
ill. ; |
| Dimensions |
25 cm. |
| 502 ## - DISSERTATION NOTE |
| Dissertation note |
. |
| 504 ## - BIBLIOGRAPHY, ETC. NOTE |
| Bibliography, etc. note |
Includes bibliographical references and index. |
| 505 0# - FORMATTED CONTENTS NOTE |
| Formatted contents note |
Fundamentals of commodity spot and futures markets -- Equilibrium relationships between spot prices and forward prices -- Stochastic modelling of commodity price processes -- Plain-vanilla option pricing and hedging -- Risk-neutral valuation of plain-vanilla options -- Monte-Carlo simulations and analytical formulae for Asian, barrier, and quanto options -- Agricultural commodity markets -- The structure of metal markets and metal prices -- The oil market as a world market -- The gas market as the energy market of the next decades -- Spot and forward electricity markets -- Commodity swaptions, swing, and take-or-pay contracts and real options -- In the energy industry -- Coal, emissions, and weather -- Commodities as a new asset class. |
| 650 #0 - SUBJECT ADDED ENTRY--TOPICAL TERM |
| Topical term or geographic name entry element |
Commodity futures. |
| 856 41 - ELECTRONIC LOCATION AND ACCESS |
| Materials specified |
Table of contents only |
| Uniform Resource Identifier |
<a href="http://www.loc.gov/catdir/toc/ecip054/2004027082.html">http://www.loc.gov/catdir/toc/ecip054/2004027082.html</a> |
| 856 42 - ELECTRONIC LOCATION AND ACCESS |
| Materials specified |
Contributor biographical information |
| Uniform Resource Identifier |
<a href="http://www.loc.gov/catdir/enhancements/fy0617/2004027082-b.html">http://www.loc.gov/catdir/enhancements/fy0617/2004027082-b.html</a> |
| 856 42 - ELECTRONIC LOCATION AND ACCESS |
| Materials specified |
Publisher description |
| Uniform Resource Identifier |
<a href="http://www.loc.gov/catdir/enhancements/fy0617/2004027082-d.html">http://www.loc.gov/catdir/enhancements/fy0617/2004027082-d.html</a> |
| 906 ## - LOCAL DATA ELEMENT F, LDF (RLIN) |
| a |
7 |
| b |
cbc |
| c |
orignew |
| d |
1 |
| e |
ecip |
| f |
20 |
| g |
y-gencatlg |
| 942 ## - ADDED ENTRY ELEMENTS (KOHA) |
| Source of classification or shelving scheme |
|
| Koha item type |
Book |